000 00965cam a2200289 4500
008 090401t1992 xxu||||| |||| 00| 0 eng d
020 _a0566091003
035 _a(Sirsi) u22332
041 _aeng
050 _a658.404
100 _aHarrison, F.L
245 _aAdvanced project management : a structured approach
250 _a3rd
260 _aAldershot,Hants
_bGower
_c1992
300 _axvi, 308p. ; 24cm.
350 _a38.5
520 _aEstablished text for managers which goes beyond standard introductions looking at the structure of project organisation, managing larger projects , planning and control, human relations problems and conflicts.
650 _aPERFORMANCE ANALYSIS
650 _aPMIS
650 _aPROJECT CONTROL
650 _aPROJECT MANAGEMENT INFORMATION SYSTEMS
650 _aMANAGEMENT-PROJECT MANAGEMENT
650 _aPROJECT PLANNING
690 _aProject management
_96261
942 _n0
948 _c04/03/1997
999 _c88169
_d88169